| 000 | 01006cam a2200337 i 4500 | ||
|---|---|---|---|
| 020 | _a9788185873657 (v. 1) | ||
| 020 | _a8185873658 (v. 1) | ||
| 020 | _a9788185873664 (v. 2) | ||
| 020 | _a8185873666 (v. 2) | ||
| 020 | _a9788185873695 (v. 3) | ||
| 020 | _a9788185873701 (v. 4) | ||
| 020 | _a9788185873749 (v. 5) | ||
| 020 | _a9788185873824 (v. 6) | ||
| 020 | _a9788185873961 (v. 7) | ||
| 040 | _cDKAGE | ||
| 082 | 0 | 4 | _a635 INT 1999 C151 Or. |
| 245 | 0 | 0 | _aAdvances in horticulture biotechnology / |
| 246 | 3 | 0 | _aHorticulture biotechnology |
| 250 | _aFirst edition. | ||
| 300 |
_avolumes : _billustrations ; _c25 cm. |
||
| 490 | 0 | _aContinuing series ; | |
| 500 | _aContributed articles. | ||
| 500 | _aOther title varies; volume editor varies. | ||
| 650 | 0 | _aHorticulture. | |
| 650 | 0 | _aPlant products | |
| 700 | 1 | _aSingh, H. P., | |
| 700 | 1 | _aParthasarathy, V. A. | |
| 700 | 1 | _aNirmal Babu, K. | |
| 710 | 2 | _aConfederation of Horticulture Associations of India | |
| 942 | _cAEDBB | ||
| 999 |
_c18705 _d18705 |
||